Представление документа в формате RUSMARC

ПолеНазваниеЗначение
  Тип записи a
  Библиографический уровень m
001 Контрольный номер RU/SLIB/B/208725725
005 Дата корректировки 20201206204004.7
010 Индекс ISBN __
d Цена 0-25
101 Язык документа __
a Язык текста rus
c Язык оригинала rus
200 Заглавие и сведения об ответственности __
a Заглавие Кропоткинская улица, 12
f Первые сведения об ответственности Волович Н. М.
b Общее обозначение материала Текст
210 Выходные данные __
a Место издания М.
c Издательство Моск. рабочий
d Дата издания 1983
215 Физическое описание __
a Объем 64 с.
600 Персоналии __
a Персоналии (Фамилия) Пушкин, А. С.
600 Персоналии __
a Персоналии (Фамилия) Ермолов, А. П.
606 Тематические рубрики __
a Основная рубрика История
y Географическая подрубрика Москва; Россия; СССР; Кропоткинская улица
606 Тематические рубрики __
a Основная рубрика История России в целом
610 Ключевые слова __
a Ключевые слова улицы; города; история городов; столицы; персоналии
686 Индексы других классификаций __
a Классификационный индекс 63.3(2-2Москва)л6
700 Автор _1
a Фамилия Волович
b Имя Н. М.
4 Код отношения 070
801 Источник записи _0
a Страна RU
b Организация Муниципальное бюджетное учреждение культуры "Централизованная библиотечная система" г. Сургут (Центральная городская библиотека им. А. С. Пушкина)
g Правила каталогизации КиК/Лебедева
801 Источник записи _1
a Страна RU
b Организация Муниципальное бюджетное учреждение культуры "Централизованная библиотечная система" г. Сургут (Центральная городская библиотека им. А. С. Пушкина)
g Правила каталогизации КиК/Лебедева
852 Данные о местонахождении __
j Шифр хранения 63.3(2-2Москва)л6
c Каталожный индекс 63.3(2-2Москва)л6
i Авторский знак В 68
p Инвентарный номер 23840
901 Тип документа __
t Тип документа m
969 Тип издания __
a Тип издания путеводитель
990 Данные о заказе (DOS) __
j Количество экземпляров (DOS) 1